000 00676nam a2200217 i 4500
001 127455
003 ES-MaACL
005 20251013193022.0
007 t|
008 070214s1958 sp r ||||1| spa d
100 1 _aRidolfi, Roberto.
_997064
245 1 0 _aPapini /
_cRoberto Ridolfi ; [traducción y notas de Jesús López Pacheco].
260 _aMadrid :
_bCid,
_c1958.
300 _a330 p., 8 lám. ;
_c21 cm.
490 1 _aYunque ;
_v1
600 1 4 _aPapini, Giovanni,
_d1881-1956
_988874
700 1 _aLópez Pacheco, Jesús,
_d1930-1997
_973855
830 0 _aYunque ;
_v1
_9181938
852 _aES-MaACL
_jC-15761
_bR.43637
999 _c127455
_d127455